Directing patrol work: a study of uniformed policing
| VerfasserInnen: | ; |
|---|---|
| Körperschaft: | |
| Medienart: | Druck Buch |
| Sprache: | Nichtbestimmte Sprache |
| Veröffentlicht: |
London
Her Majesty's Stationery Office
1988
|
| In: |
Home Office research study (99)
Jahr: 1988 |
| Ausgabe: | 1. publ. |
| Bestand in Tübingen: | In Tübingen vorhanden. IFK: S XLII 99 UB: KB 8 E 1501 |
| Verfügbarkeit prüfen: | HBZ Gateway |
| Subito Bestelldienst: | Jetzt bestellen. |
| Schlagwörter: |
MARC
| LEADER | 00000cam a2200000 c 4500 | ||
|---|---|---|---|
| 001 | 271955171 | ||
| 003 | DE-627 | ||
| 005 | 20251222212136.0 | ||
| 007 | tu | ||
| 008 | 880829s1988 xx ||||| 00| ||und c | ||
| 020 | |a 0113408919 |9 0-11-340891-9 | ||
| 020 | |z 013408919 | ||
| 035 | |a (DE-627)271955171 | ||
| 035 | |a (DE-576)016325192 | ||
| 035 | |a (DE-599)GBV271955171 | ||
| 035 | |a (OCoLC)246260840 | ||
| 035 | |a (OCoLC)246260840 | ||
| 040 | |a DE-627 |b ger |c DE-627 |e rakwb | ||
| 082 | 0 | |a 363.2/32/0941 |q OCLC |2 19 | |
| 100 | 1 | |a Burrows, John |0 (DE-627)1230493921 |0 (DE-576)160493927 |4 aut | |
| 109 | |a Burrows, John |a Burrows, John N. | ||
| 245 | 1 | 0 | |a Directing patrol work |b a study of uniformed policing |c by John Burrows and Helen Lewis |
| 250 | |a 1. publ. | ||
| 264 | 1 | |a London |b Her Majesty's Stationery Office |c 1988 | |
| 300 | |a V, 65 S. |b graph. Darst | ||
| 336 | |a Text |b txt |2 rdacontent | ||
| 337 | |a ohne Hilfsmittel zu benutzen |b n |2 rdamedia | ||
| 338 | |a Band |b nc |2 rdacarrier | ||
| 490 | 1 | |a Home Office research study |v 99 | |
| 490 | 0 | |a A Home Office Research and Planning Unit report | |
| 583 | 1 | |a Archivierung prüfen |c 20200919 |f DE-640 |z 3 |2 pdager | |
| 700 | 1 | |a Lewis, Helen |4 aut | |
| 710 | 2 | |a Großbritannien |b Home Office |b Research and Planning Unit |0 (DE-588)1094378-X |0 (DE-627)100757588 |0 (DE-576)192481495 |4 oth | |
| 810 | 2 | |a Großbritannien |b Home Office |t Home Office research study |v 99 |9 9900 |w (DE-627)167286013 |w (DE-576)013085530 |w (DE-600)441298-9 |x 0072-6435 |7 am | |
| 889 | |w (DE-576)468672664 | ||
| 935 | |i Blocktest | ||
| 951 | |a BO | ||
| ELC | |b 1 | ||
| LOK | |0 000 xxxxxcx a22 zn 4500 | ||
| LOK | |0 001 3299848747 | ||
| LOK | |0 003 DE-627 | ||
| LOK | |0 004 271955171 | ||
| LOK | |0 005 20151030140701 | ||
| LOK | |0 008 880829||||||||||||||||ger||||||| | ||
| LOK | |0 040 |a DE-21 |c DE-627 |d DE-21 | ||
| LOK | |0 852 |a DE-21 | ||
| LOK | |0 852 1 |c KB 8 E 1501 |9 00 | ||
| LOK | |0 935 |a krim | ||
| LOK | |0 939 |a 29-08-88 |b l01 | ||
| LOK | |0 000 xxxxxcx a22 zn 4500 | ||
| LOK | |0 001 329984881X | ||
| LOK | |0 003 DE-627 | ||
| LOK | |0 004 271955171 | ||
| LOK | |0 005 20140410162723 | ||
| LOK | |0 008 940513||||||||||||||||ger||||||| | ||
| LOK | |0 040 |a DE-21-110 |c DE-627 |d DE-21-110 | ||
| LOK | |0 689 |a s |a Streifendienst | ||
| LOK | |0 852 |a DE-21-110 | ||
| LOK | |0 852 1 |c S XLII 99 |m p |9 00 | ||
| LOK | |0 935 |a k110 | ||
| LOK | |0 936ln |a 4.5.1.2.1 | ||
| LOK | |0 938 |k p | ||
| LOK | |0 939 |a 13-05-94 |b l01 | ||
| ORI | |a SA-MARC-krimdoka001.raw | ||
| SIG | |a IFK: S XLII 99 | ||
| SIG | |a UB: KB 8 E 1501 | ||
